Science for kids : 39 easy meteorology experiments

Bibliographic Details
Main Author: Wood, Robert W
Format: Book
Published: Blue Ridge Summit : TAB Books , 1991
Series:Science for kids series
Subjects:

MARC

LEADER 00000cam a2200000 7i4500
001 0000005317
002 000005743
005 20000330.0
020 |a 0830635955 
090 0 0 |a J 551.5078   |b WOO 
100 1 |a Wood, Robert W 
245 1 0 |a Science for kids :   |b 39 easy meteorology experiments   |c Robert W.Wood 
260 |a Blue Ridge Summit :   |b TAB Books ,   |c 1991 
300 |a 134p. :   |b ill. ;   |c 23cm. 
490 0 |a Science for kids series 
650 0 0 |a Meteorology   |x Experiments   |x Juvenile literature 
999 |a 037729   |b BUKU   |c PINJAMAN   |e PERPUSTAKAAN KOMUNITI PETALING JAYA 
999 |a 037730   |b BUKU   |c PINJAMAN   |e PERPUSTAKAAN KOMUNITI PETALING JAYA